000
00324cam a2200145ua 4500
041
_a
eng
_h
082
_a
621.8152
_b
VAR/MA
100
_a
Varghese, P I .
245
_a
Machine drawing /
_c
P I Varghese.
_h
Textual Documents
300
_a
; .
504
_a
700
1
_a
John, A C .
942
_c
BK
999
_c
12897
_d
12897